书目信息 |
| 题名: |
建筑电工学
|
|
| 作者: | 王昌明 主编 | |
| 分册: | ||
| 出版信息: | 重庆 重庆大学出版社 1995.05 |
|
| 页数: | 312页 | |
| 开本: | 16开 | |
| 丛书名: | ||
| 单 册: | ||
| 中图分类: | ||
| 科图分类: | ||
| 主题词: | 房屋建筑设备:机电设备 | |
| 电子资源: | ||
| ISBN: | 7-5624-1016-X | |
| 000 | 00574nam0 2200205 45 | |
| 001 | 9911031689 | |
| 005 | 20000821172137.4 | |
| 010 | @a7-5624-1016-X@d20.00元 | |
| 100 | @a19991103d1995 km y0chiy0120 ea | |
| 101 | @achi | |
| 105 | @a z 000yy | |
| 200 | 1 | @a建筑电工学@AJian Zhu Dian Gong Xue@f王昌明主编@FWang Chang Ming Zhu Bian |
| 210 | @a重庆@c重庆大学出版社@d1995.05 | |
| 215 | @a312页@d16开 | |
| 606 | 0 | @a房屋建筑设备:机电设备 |
| 690 | @v3 | |
| 690 | @aTU85@v3 | |
| 701 | @a王昌明@4主编 | |
| 801 | @aCN@bPFTUser@c19991103 | |
| 905 | @dTU85@eW116@b113109-118@f10 | |
| 建筑电工学/王昌明主编.-重庆:重庆大学出版社,1995.05 |
| 312页;16开 |
| ISBN 7-5624-1016-X:20.00元 |
| ● |
| 相关链接 |
|
|
|
正题名:建筑电工学
索取号:TU85/W116
 
预约/预借
| 序号 | 登录号 | 条形码 | 馆藏地/架位号 | 状态 | 备注 |
| 1 | 113109 | 201131097 | 建筑库201/201建筑库 53排7列5层/ [索取号:TU85/W116] | 在馆 | |
| 2 | 113110 | 201131104 | 自科二线404/404自科库 17排3列2层/ [索取号:TU85/W116] | 在馆 | |
| 3 | 113111 | 201131113 | 建筑库201/201建筑库 53排7列5层/ [索取号:TU85/W116] | 在馆 | |
| 4 | 113112 | 201131122 | 建筑库201/201建筑库 53排7列5层/ [索取号:TU85/W116] | 在馆 | |
| 5 | 113113 | 201131131 | 建筑库201/201建筑库 53排7列5层/ [索取号:TU85/W116] | 在馆 | |
| 6 | 113114 | 201131140 | 自科二线404/404自科库 17排3列2层/ [索取号:TU85/W116] | 在馆 | |
| 7 | 113115 | 201131159 | 自科二线404/404自科库 17排3列2层/ [索取号:TU85/W116] | 在馆 | |
| 8 | 113116 | 201131168 | 建筑库201/201建筑库 53排7列5层/ [索取号:TU85/W116] | 在馆 | |
| 9 | 113117 | 201131177 | 建筑库201/201建筑库 53排7列5层/ [索取号:TU85/W116] | 在馆 | |
| 10 | 113118 | 201131186 | 自科二线404/404自科库 17排3列2层/ [索取号:TU85/W116] | 在馆 |